000 00607nam a2200241Ia 4500
003 OSt
005 20221006144643.0
006 a|||||r|||| 00| 0
007 ta
008 221006b |||||||| |||| 00| 0 eng d
020 _cP32.00(each)
024 _a12,271
037 _cTextual
040 _aEASL
_cEASL
_beng
041 _2eng
_aeng
082 _aV41.H3, L5
100 _aHUCKER Charles O
245 0 _aChina's imperial past
260 _aLondon
_bDuckworth
_c1975
300 _a474p.
_ccm.
942 _hV41.H3, L5
_cTEXL
_2CC
999 _c1080357
_d1080357